|
|
|
|
| LEADER |
01885nam a2200373 a 4500 |
| 001 |
11783143 |
| 008 |
100222r20092000cau b 001 0 eng d |
| 010 |
|
|
|a \\\99047341
|
| 020 |
|
|
|a 9781558605749
|
| 020 |
|
|
|a 9788181476524
|
| 020 |
|
|
|a 1558605746
|
| 040 |
|
|
|a DLC
|c DLC
|d DLC
|d BD-DhAAL
|
| 082 |
0 |
0 |
|a 621.382/1
|2 21
|
| 100 |
1 |
|
|a Walrand, Jean.
|
| 245 |
1 |
0 |
|a High-performance communication networks /
|c Jean Walrand, Pravin Varaiya.
|
| 250 |
|
|
|a 2nd ed.
|
| 260 |
|
|
|a San Francisco :
|b Morgan Kaufmann ;
|a New Delhi :
|b Elsevier,
|c c2000 [reprinted 2009].
|
| 300 |
|
|
|a xxii, 693 p. ;
|c 25 cm.
|
| 490 |
0 |
|
|a The Morgan Kaufmann series in networking
|
| 504 |
|
|
|a Includes bibliographical references (p. [646]-653) and index.
|
| 541 |
1 |
|
|e 00019823
|
| 650 |
|
0 |
|a Computer networks.
|
| 650 |
|
0 |
|a Multimedia systems.
|
| 650 |
|
0 |
|a High performance computing.
|
| 650 |
|
0 |
|a Asynchronous transfer mode.
|
| 650 |
|
0 |
|a Wireless communication systems.
|
| 700 |
1 |
|
|a Varaiya, P.P.
|q (Pravin Pratap)
|
| 852 |
4 |
|
|a Ayesha Abed Library
|j General Shelf
|
| 999 |
|
|
|c 7674
|d 7674
|
| 952 |
|
|
|0 0
|1 0
|2 ddc
|4 0
|6 621_382100000000000_WAL_2009
|7 0
|9 8400
|a BRACUL
|b BRACUL
|c GEN
|d 2010-02-22
|l 1
|m 1
|o 621.3821 WAL
|p 3010019823
|r 2019-01-13
|s 2018-10-18
|t 1
|w 2010-02-22
|y BK
|
| 952 |
|
|
|0 0
|1 0
|2 ddc
|4 0
|6 621_382100000000000_WAL_2005
|7 0
|9 11904
|a BRACUL
|b BRACUL
|c GEN
|d 2010-09-20
|l 0
|o 621.3821 WAL
|p 3010015036
|r 2010-09-20
|t 2
|w 2010-09-20
|y BK
|
| 952 |
|
|
|0 0
|1 0
|2 ddc
|4 0
|6 621_382100000000000_WAL_2005
|7 0
|9 11906
|a BRACUL
|b BRACUL
|c GEN
|d 2010-09-20
|l 0
|o 621.3821 WAL
|p 3010015038
|r 2010-09-20
|t 3
|w 2010-09-20
|y BK
|
| 952 |
|
|
|0 0
|1 0
|2 ddc
|4 0
|6 621_382100000000000_WAL_2005
|7 0
|9 11908
|a BRACUL
|b BRACUL
|c GEN
|d 2010-09-20
|l 0
|o 621.3821 WAL
|p 3010015035
|r 2010-09-20
|t 4
|w 2010-09-20
|y BK
|
| 952 |
|
|
|0 0
|1 0
|2 ddc
|4 0
|6 621_382100000000000_WAL_2005
|7 0
|9 11909
|a BRACUL
|b BRACUL
|c GEN
|d 2010-09-20
|l 0
|o 621.3821 WAL
|p 3010015037
|r 2010-09-20
|t 5
|w 2010-09-20
|y BK
|